Làng ven thành
Sách nghiên cứu về phong tục, tín ngưỡng, văn hóa và nếp sinh hoạt của con người Nhơn Thành ở thị xã An Nhơn, tỉnh Bình Định.
Đã lưu trong:
| Tác giả chính: | |
|---|---|
| Định dạng: | Sách |
| Ngôn ngữ: | Undetermined |
| Được phát hành: |
Hà Nội
Khoa học - Xã hội
2015
|
| Những chủ đề: | |
| Các nhãn: |
Thêm thẻ
Không có thẻ, Là người đầu tiên thẻ bản ghi này!
|
| Thư viện lưu trữ: | Trung tâm Học liệu Trường Đại học Cần Thơ |
|---|
| LEADER | 00750nam a2200205Ia 4500 | ||
|---|---|---|---|
| 001 | CTU_209430 | ||
| 008 | 210402s9999 xx 000 0 und d | ||
| 082 | |a 398.0959754 | ||
| 082 | |b Th311 | ||
| 100 | |a Mai, Thìn | ||
| 245 | 0 | |a Làng ven thành | |
| 245 | 0 | |c Mai Thìn | |
| 260 | |a Hà Nội | ||
| 260 | |b Khoa học - Xã hội | ||
| 260 | |c 2015 | ||
| 520 | |a Sách nghiên cứu về phong tục, tín ngưỡng, văn hóa và nếp sinh hoạt của con người Nhơn Thành ở thị xã An Nhơn, tỉnh Bình Định. | ||
| 650 | |a Văn hóa dân gian,Folklore | ||
| 650 | |z Việt Nam,Vietnam | ||
| 904 | |i Trương Thủy Ly,Hải | ||
| 980 | |a Trung tâm Học liệu Trường Đại học Cần Thơ | ||